[Event "10th EICC w"]
[Site "St Petersburg RUS"]
[Date "2009.03.16"]
[Round "8"]
[White "Ni,V"]
[Black "Petrukhina,I"]
[Result "1-0"]
[WhiteElo "2150"]
[BlackElo "1905"]

1.d4 d5 2.c4 c6 3.Nf3 Nf6 4.Qc2 e6 5.Bg5 Nbd7 6.Nc3 Qa5 7.Bd2 Qc7 8.e4 dxe4
9.Nxe4 Be7 10.Nxf6+ Bxf6 11.Bd3 h6 12.O-O O-O 13.Qc1 e5 14.Bxh6 exd4 15.Bf4 Ne5
16.Bxe5 Bxe5 17.Qg5 Bf6 18.Qh5 g6 19.Qh6 Be6 20.Rae1 Rfe8 21.Ng5 Bxg5 22.Qxg5 Kg7
23.Qc5 Qd8 24.Re4 Qf6 25.Rfe1 Red8 26.Re5 Qf4 27.R5e4 Qd6 28.Qg5 Rh8 29.Rxe6 fxe6
30.Qxg6+ Kf8 31.Qf6+ Kg8 32.Re5 Qxe5 33.Qxe5 Kf7 34.Qc7+ Kf6 35.f4 Rad8 36.g4 Rhg8
37.g5+  1-0

[Event "10th EICC w"]
[Site "St Petersburg RUS"]
[Date "2009.03.17"]
[Round "9"]
[White "Dolgova,O"]
[Black "Makka,E"]
[Result "1-0"]
[WhiteElo "2245"]
[BlackElo "2110"]

1.d4 d5 2.c4 c6 3.Nf3 Nf6 4.g3 g6 5.Bg2 Bg7 6.b3 O-O 7.O-O Nbd7 8.Bb2 Ne4
9.Qc2 Ndf6 10.Ne5 Bf5 11.Qc1 Nd7 12.f3 Nd6 13.Nd2 Nxe5 14.dxe5 Ne8 15.f4 Nc7
16.cxd5 cxd5 17.Qc5 b6 18.Qd4 Bc8 19.Rac1 Bb7 20.f5 gxf5 21.Rxf5 Bc8 22.Rh5 Be6
23.Nf3 h6 24.Qh4 f6 25.exf6 exf6 26.Nd4 Bf7 27.Rxh6 Bxh6 28.Qxh6 Ne8 29.Bh3 Ng7
30.Bf5 Re8 31.Bh7+ Kh8 32.Bf5+ Kg8 33.Qh7+ Kf8 34.Ba3+ Re7 35.Nc6 Bg8 36.Qg6 Bf7
37.Qxf6  1-0

[Event "10th EICC w"]
[Site "St Petersburg RUS"]
[Date "2009.03.18"]
[Round "10"]
[White "Kazimova,N"]
[Black "Tarasova,Viktoriy"]
[Result "0-1"]
[WhiteElo "2165"]
[BlackElo "2257"]

1.Nf3 d5 2.d4 Nf6 3.c4 c6 4.Qc2 dxc4 5.Qxc4 Bg4 6.Nbd2 Nbd7 7.g3 e6 8.Bg2 Nb6
9.Qb3 Be7 10.O-O O-O 11.Rd1 Qd5 12.Qc3 Qb5 13.e4 c5 14.Re1 Rac8 15.Bf1 Qd7
16.Qa5 cxd4 17.Qxa7 Qc7 18.Qa5 Rfd8 19.Bd3 Nfd5 20.Qb5 Nb4 21.Ne5 Bh5 22.a3 f6
23.axb4 Be8 24.Nd7 Rxd7 25.Bf1 d3 26.Qa5 Ra8 27.Qxa8 Nxa8 28.Rxa8 Rd8 29.Rxd8 Qxd8
30.Nc4 Bb5 31.b3 Bxc4 32.bxc4 d2  0-1

[Event "Kaissa Women"]
[Site "Kharkiv UKR"]
[Date "2009.03.19"]
[Round "9"]
[White "Grapsa,G"]
[Black "Karlovich,A"]
[Result "1/2-1/2"]
[WhiteElo "2106"]
[BlackElo "2251"]

1.d4 d5 2.c4 c6 3.Nf3 Nf6 4.g3 Bf5 5.Bg2 e6 6.O-O Be7 7.Nc3 O-O 8.Nh4 Bg6
9.Nxg6 hxg6 10.e4 dxe4 11.Nxe4 Nbd7 12.Be3 Nxe4 13.Bxe4 Nf6 14.Bg2  1/2-1/2

[Event "3rd Georgi Agzamov Mem"]
[Site "Tashkent AZE"]
[Date "2009.03.19"]
[Round "4"]
[White "Potapov,Alexa1"]
[Black "Golod,V"]
[Result "1/2-1/2"]
[WhiteElo "2456"]
[BlackElo "2575"]

1.d4 d5 2.c4 dxc4 3.Nf3 c6 4.e3 Be6 5.a4 Nf6 6.Na3 Bd5 7.Nxc4 e6 8.Be2 c5
9.O-O Nc6 10.b3 Be7 11.Bb2 O-O 12.Rc1 Rc8 13.Nfe5 cxd4 14.exd4 Rc7 15.Qd3 Qc8
16.Qh3 Rd8 17.Rcd1 Be4 18.Qe3 Nb4 19.Qh3 Nbd5 20.f4 b6 21.g4 a6 22.f5 b5
23.axb5 axb5 24.g5 Bxf5 25.Rxf5 exf5 26.gxf6 Bxf6 27.Ne3 Rc2 28.Bc4 bxc4
29.Nxc2 Nf4 30.Qf3 Bxe5 31.dxe5 Rxd1+ 32.Qxd1 Nd3 33.Bc3 f4 34.bxc4 Qxc4
35.Bd4 h5 36.e6 fxe6 37.Qxh5  1/2-1/2

[Event "25th Spring Festival"]
[Site "Budapest HUN"]
[Date "2009.03.20"]
[Round "1"]
[White "Szabo,Ben"]
[Black "Styazhkina,A"]
[Result "0-1"]
[WhiteElo "2229"]
[BlackElo "1926"]

1.d4 d5 2.c4 c6 3.Nf3 Nf6 4.Nbd2 Bf5 5.Nh4 Bg4 6.Qb3 Qb6 7.e3 Qxb3 8.axb3 Na6
9.Nhf3 e6 10.Be2 Nc7 11.O-O Bb4 12.Nb1 O-O 13.Ra4 Be7 14.Nc3 a6 15.h3 Bf5
16.Nd2 Bc2 17.Ra1 Bb4 18.Bd1 Bd3 19.Re1 Rfe8 20.f4 c5 21.Be2 Bc2 22.Bd1 Bxd1
23.Rxd1 Red8 24.Nf3 Bxc3 25.bxc3 Ne4 26.Bb2 b5 27.cxb5 Nxb5 28.Rdc1 Nbd6
29.c4 Nf5 30.cxd5 Rxd5 31.Re1 h6 32.Ra5 Rb8 33.dxc5 Nxc5 34.Ba3 Nd3 35.Rxd5 exd5
36.Rb1 Nxe3 37.Bd6 Rd8 38.Be5 f6 39.Bd4 Nf5 40.Ra1 Nxf4 41.Bb6 Rc8 42.Rxa6 Rc1+
43.Kh2 Rc2 44.Ne1 Re2 45.Ra1 d4 46.Rd1 d3 47.Ba5 Ne3 48.Rxd3 Nxd3 49.Nxd3 Rxg2+
50.Kh1 Rg5 51.b4 Rb5 52.Kg1 Kf7 53.Kf2 Nc4 54.Bc7 Ke6 55.Kg3 Kd5  0-1

[Event "Open B"]
[Site "Zagreb CRO"]
[Date "2009.03.21"]
[Round "1"]
[White "Stanoev,A"]
[Black "Jergovic,A"]
[Result "1-0"]
[WhiteElo "2236"]
[BlackElo "1979"]

1.d4 d5 2.c4 c6 3.Nf3 Nf6 4.Qc2 e6 5.Bg5 Nbd7 6.e3 Be7 7.Bd3 O-O 8.O-O Re8
9.Nc3 h6 10.Bh4 dxc4 11.Bxc4 Nd5 12.Bg3 N7b6 13.Bb3 Bd6 14.Ne5 Nxc3 15.Qxc3 Nd5
16.Qc4 Qe7 17.Rac1 Nf6 18.Bh4 g5 19.Bg3 Ne4 20.Qd3 Nxg3 21.fxg3 f5 22.Qxf5 Bxe5
23.Qxe5 Qg7 24.Rf6 Bd7 25.Bc2 Kh8 26.Rxh6+  1-0

[Event "25th Spring Festival"]
[Site "Budapest HUN"]
[Date "2009.03.25"]
[Round "6"]
[White "Corke,A"]
[Black "Galyas,M"]
[Result "0-1"]
[WhiteElo "2260"]
[BlackElo "2456"]

1.d4 d5 2.c4 c6 3.Nf3 dxc4 4.e3 Be6 5.a4 Nf6 6.Nc3 g6 7.Ne5 c5 8.a5 Bg7 9.Qa4+ Nbd7
10.Bxc4 Bxc4 11.Qxc4 O-O 12.O-O Rc8 13.Qb3 Qc7 14.Nxd7 Qxd7 15.dxc5 Rxc5
16.e4 Rh5 17.Bf4 Qg4 18.Bg3 Nxe4 19.Nxe4 Qxe4 20.Rfe1 Qc6 21.Rac1 Qb5 22.Qxb5 Rxb5
23.Rxe7 Bxb2 24.Rcc7 Rxa5 25.Kf1 Bf6 26.Re1 Rb5 27.Bd6 Ra8 28.Rec1 Kg7 29.Be7 Re8
30.Bxf6+ Kxf6 31.Rd1 Re7 32.Rd6+ Re6 33.Rd1 Rb2 34.f4 Kg7 35.Rdd7 Rf6 36.g3 a5
37.Rxb7 Rxb7 38.Rxb7 Ra6 39.Ke2 a4 40.Rb2 a3 41.Ra2 Kf6 42.Ke3 Kf5 43.Kf3 h5
44.h3 Ke6 45.Ke4 Ra4+ 46.Ke3 Kd5  0-1

[Event "25th Spring Festival"]
[Site "Budapest HUN"]
[Date "2009.03.26"]
[Round "7"]
[White "Ritter,G"]
[Black "Szalay,J2"]
[Result "1-0"]
[WhiteElo "2131"]
[BlackElo "1869"]

1.d4 d5 2.c4 dxc4 3.Nf3 c6 4.e3 Be6 5.Be2 h6 6.O-O Nd7 7.a4 a6 8.a5 Ngf6
9.Nbd2 b5 10.axb6 Nxb6 11.Ne5 Qc7 12.Ndxc4 Nxc4 13.Nxc4 c5 14.Bd2 Bxc4 15.Bxc4 cxd4
16.Bb5+ Nd7 17.Qa4 e6 18.Rfc1 Qa7 19.Rc6 a5 20.Ra6 Qxa6 21.Bxa6 Rxa6 22.Rc1 Be7
23.Rc7 Rd6 24.Rc8+ Bd8 25.Bxa5 O-O 26.Rxd8 d3 27.Rxd7  1-0

[Event "TCh-NED 2008-9"]
[Site "Netherlands NED"]
[Date "2009.03.28"]
[Round "7"]
[White "Peng Zhaoqin"]
[Black "Van de Oudeweetering,A"]
[Result "0-1"]
[WhiteElo "2462"]
[BlackElo "2350"]

1.d4 d5 2.c4 c6 3.Nf3 Nf6 4.Qc2 g6 5.Bf4 Bg7 6.e3 O-O 7.Nc3 c5 8.dxc5 Qa5
9.O-O-O Bf5 10.Qb3 Nbd7 11.Qb5 Qxb5 12.cxb5 Nxc5 13.Nd4 Bd7 14.f3 Rac8 15.Nc2 Rfd8
16.g4 e6 17.Be2 Be8 18.Kb1 Nfd7 19.Bg5 f6 20.Bh4 g5 21.Be1 Bg6 22.Rd2 Nb6
23.Bf2 f5 24.gxf5 Bxf5 25.e4 Bg6 26.Bxc5 Rxc5 27.Nd4 dxe4  0-1

[Event "11th European Senior Team"]
[Site "Velden AUT"]
[Date "2009.04.05"]
[Round "1"]
[White "Nagorni,W"]
[Black "Fernengel,R"]
[Result "1-0"]
[WhiteElo "2127"]
[BlackElo "1736"]

1.Nf3 Nf6 2.d4 d5 3.c4 c6 4.g3 Bf5 5.Bg2 e6 6.O-O Nbd7 7.Nc3 Be7 8.Qb3 Qb6
9.c5 Qxb3 10.axb3 Ne4 11.Nd2 Ndf6 12.f3 Nxd2 13.Bxd2 O-O 14.b4 a6 15.e4 dxe4
16.fxe4 Bg6 17.Rae1 Rad8 18.d5 Rd7 19.d6 Bd8 20.e5 Nd5 21.Bxd5 exd5 22.e6 fxe6
23.Rxf8+ Kxf8 24.Rxe6 Rf7 25.Re1 Bd3 26.Nd1 Bf6 27.Bc3 d4 28.Bd2 Bc4 29.Nf2 Bd5
30.Nd3 Bd8 31.Ne5 Rf5 32.g4 Bg5 33.Bxg5 Rxg5 34.h4  1-0

[Event "FSIMA April"]
[Site "Budapest HUN"]
[Date "2009.04.07"]
[Round "4"]
[White "Simonyi,Z"]
[Black "Corke,A"]
[Result "1/2-1/2"]
[WhiteElo "2225"]
[BlackElo "2237"]

1.d4 d5 2.Nf3 Nf6 3.c4 c6 4.Nbd2 Bf5 5.Qb3 Qb6 6.e3 e6 7.Be2 h6 8.O-O Nbd7
9.c5 Qc7 10.Qc3 a5 11.b3 b6 12.cxb6 Qxb6 13.Bb2 Bb4 14.Qc1 O-O 15.Ne1 c5
16.Bd3 Bxd3 17.Nxd3 Rfc8 18.dxc5 Nxc5  1/2-1/2

[Event "47th Doeberl Cup Premier"]
[Site "Canberra AUS"]
[Date "2009.04.09"]
[Round "1"]
[White "Wright,N"]
[Black "Tan,Ju2"]
[Result "1-0"]
[WhiteElo "2208"]
[BlackElo "1885"]

1.Nf3 d5 2.d4 Nf6 3.c4 c6 4.Qc2 g6 5.g3 Bf5 6.Qb3 Qb6 7.Bg2 Bg7 8.O-O O-O
9.Nc3 Nbd7 10.cxd5 Qxb3 11.axb3 Nxd5 12.Bd2 Rfd8 13.Nxd5 cxd5 14.Rfc1 e5
15.e3 Bg4 16.Rc7 Bxf3 17.Bxf3 exd4 18.Bxd5 dxe3 19.Bxe3 Bxb2 20.Ra2 Bf6 21.Bxb7 Rab8
22.Bxa7 Be5 23.Bxb8 Nxb8 24.Rc4 Rd1+ 25.Kg2 Rb1 26.Bd5 Rd1 27.Bf3 Rd3 28.b4 Nd7
29.b5 Rb3 30.Bc6 Nb6 31.Re4 Bd6 32.Ree2 Kf8 33.Ra7 Rc3 34.Rb7 Bc5 35.Be8  1-0

[Event "Open"]
[Site "Las Palmas ESP"]
[Date "2009.04.09"]
[Round "5"]
[White "Martin Hernandez,R"]
[Black "Rivas Crespo,Alej"]
[Result "1/2-1/2"]
[WhiteElo "1924"]
[BlackElo "1652"]

1.d4 d5 2.c4 c6 3.Nf3 Nf6 4.g3 e6 5.Bg2 Nbd7 6.O-O Be7 7.b3 O-O 8.Bb2 b6
9.Nbd2 Bb7 10.Ne5 Nxe5 11.dxe5 Ne8 12.f4 d4 13.Ne4 c5 14.e3 dxe3 15.Nf6+ gxf6
16.Bxb7 Rb8 17.Bg2 Qxd1 18.Rfxd1 fxe5 19.Rd7 Bf6 20.fxe5 Bg5 21.h4 Rd8 22.Rxd8 Bxd8
23.Re1 Be7 24.Rxe3 Ng7 25.Rd3 Rd8 26.Rxd8+ Bxd8 27.Be4 Nh5 28.Kg2 Be7 29.Kf3 Ng7
30.Kg4 Ne8 31.Kh3 Kg7 32.g4 h6 33.Bc1 Bd8 34.Be3 Be7 35.a3 Nc7 36.Bb7 Bf8
37.Kg2 Be7 38.Bf2 Bf8 39.Kf3 Be7 40.Ke4 Bf8 41.Kd3 Be7 42.Kc3 Bf8 43.b4 Be7
44.h5 Bf8 45.Bh4 Kg8 46.b5 Bg7 47.Bg3 Bf8 48.a4 Be7 49.Kd3 Kg7 50.Ke4 Bg5
51.Bf4 Be7 52.Kf3 Bh4 53.Be3 Bg5 54.a5 Be7 55.Kg3 Kh7 56.Kh3 Kg7 57.Bf2 Kh7
58.Bh4 Bg5 59.axb6  1/2-1/2

[Event "FSGM April"]
[Site "Budapest HUN"]
[Date "2009.04.10"]
[Round "7"]
[White "Duong The Anh"]
[Black "To,N"]
[Result "1-0"]
[WhiteElo "2434"]
[BlackElo "2367"]

1.d4 d5 2.Nf3 Nf6 3.c4 c6 4.Qc2 g6 5.Bf4 Bg7 6.e3 O-O 7.Nc3 Bf5 8.Qb3 Qb6
9.Be2 Qxb3 10.axb3 a6 11.h3 h6 12.Rc1 g5 13.Bh2 e6 14.O-O Ne4 15.Rfd1 Nd7
16.Nd2 Nxd2 17.Rxd2 Bg6 18.g4 Rfe8 19.Bd6 Bf8 20.Bxf8 Kxf8 21.Bf1 Rad8 22.Bg2 dxc4
23.bxc4 Nc5 24.Rcd1 Nb3 25.Re2 Na5 26.b3 Nxb3 27.Rb2 Na5 28.Ra1 Nxc4 29.Rxb7 Rc8
30.Rxa6 c5 31.d5 exd5 32.Bxd5 Nxe3 33.fxe3 Rxe3 34.Rxg6 fxg6 35.Ne4 Rf3 36.Nxg5 hxg5
37.Bxf3 c4 38.Be4 c3 39.Bc2  1-0

[Event "47th Doeberl Cup Premier"]
[Site "Canberra AUS"]
[Date "2009.04.12"]
[Round "7"]
[White "Neelotpal,D"]
[Black "Nadig,K"]
[Result "1-0"]
[WhiteElo "2514"]
[BlackElo "2361"]

1.d4 d5 2.c4 c6 3.Nf3 Nf6 4.Qb3 a6 5.Nc3 b5 6.cxd5 Nxd5 7.e4 Nb6 8.Be2 Be6
9.Qc2 g6 10.a4 b4 11.Nb1 a5 12.Be3 Bg7 13.Nbd2 O-O 14.O-O Qd6 15.Rfe1 f5
16.g3 fxe4 17.Nxe4 Qd8 18.Ne5 Bd5 19.Nc5 Bxe5 20.dxe5 N8d7 21.f4 Nxc5 22.Qxc5 Nd7
23.Qd4 Rb8 24.h4 e6 25.h5 g5 26.Rf1 c5 27.Qd2 gxf4 28.Bxf4 c4 29.Kh2 Nc5
30.Bh6 Rxf1 31.Rxf1 Ne4 32.Qf4 Qe7 33.Bf3 Nc5 34.Bxd5 exd5 35.e6 Re8 36.Qf7+  1-0

[Event "XXVII Open"]
[Site "Metz FRA"]
[Date "2009.04.12"]
[Round "3"]
[White "Agrest,E"]
[Black "Vernay,C"]
[Result "1-0"]
[WhiteElo "2588"]
[BlackElo "2440"]

1.Nf3 d5 2.d4 Nf6 3.c4 c6 4.Qb3 dxc4 5.Qxc4 Bf5 6.g3 e6 7.Bg2 Nbd7 8.Nc3 Be7
9.O-O O-O 10.Re1 Ne4 11.Qb3 Qb6 12.Nh4 Qxb3 13.axb3 Bb4 14.Nxf5 exf5 15.Bxe4 fxe4
16.Bd2 Rfe8 17.Nxe4 Rxe4 18.Bxb4 Rxd4 19.Bc3 Rd6 20.Red1 Rxd1+ 21.Rxd1 Nc5
22.b4 Na4 23.Bd4 a5 24.b3 axb4 25.bxa4 Rd8 26.Rd3  1-0

[Event "XXVII Open"]
[Site "Metz FRA"]
[Date "2009.04.12"]
[Round "3"]
[White "Uhoda,P"]
[Black "Dreux,V"]
[Result "1-0"]
[WhiteElo "2131"]
[BlackElo "1940"]

1.d4 d5 2.c4 c6 3.Nf3 Nf6 4.Qc2 dxc4 5.Qxc4 Bf5 6.Nc3 Nbd7 7.g3 e6 8.Bg2 Bd6
9.O-O O-O 10.Nh4 Bc2 11.Nb5 cxb5 12.Qxc2 Qb6 13.Rd1 Rac8 14.Qb3 Rc4 15.e3 Rfc8
16.Bf1 Rc2 17.Bd3 R2c7 18.Qxb5 Nd5 19.a3 Qxb5 20.Bxb5 N7b6 21.e4 Bxa3 22.exd5 Nxd5
23.Bf1 Bb4 24.Bd2 a6 25.Bxb4 Nxb4 26.Nf3 g6 27.Ne1 Rd8 28.Ra4 Nc6 29.Rc4 e5
30.Bg2 exd4 31.Bxc6 Rxc6 32.Rcxd4  1-0

[Event "ch-MGL"]
[Site "Ulan Bator MGL"]
[Date "2009.04.12"]
[Round "4"]
[White "Gundavaa,B"]
[Black "Khatanbaatar,B"]
[Result "1/2-1/2"]
[WhiteElo "2461"]
[BlackElo "2403"]

1.d4 d5 2.c4 c6 3.Nf3 Nf6 4.Qc2 e6 5.g3 Nbd7 6.Bg2 Be7 7.O-O O-O 8.Nbd2 b6
9.e4 Nxe4 10.Nxe4 dxe4 11.Qxe4 Bb7 12.Rd1 Qc8 13.Bf4 Rd8 14.Qe2 Re8 15.Ne5 Nxe5
16.Bxe5 c5 17.Qg4 Bf8 18.Bxb7 Qxb7 19.dxc5 bxc5 20.Rd3 Rad8 21.Rad1 Qc8 22.a3 Rxd3
23.Rxd3 Rd8 24.Qd1 Rxd3 25.Qxd3 Be7 26.Qc3 f6 27.Bf4 Qb7 28.f3 Kf7 29.Kf2 g5
30.Bc1 h5 31.h3  1/2-1/2

[Event "11th European Senior Team"]
[Site "Velden AUT"]
[Date "2009.04.12"]
[Round "8"]
[White "Lieb,H"]
[Black "Valent,P"]
[Result "1-0"]
[WhiteElo "2247"]
[BlackElo "2070"]

1.d4 Nf6 2.Nf3 d5 3.c4 c6 4.Qc2 g6 5.Nc3 Bg7 6.g3 O-O 7.Bg2 dxc4 8.a4 Bg4
9.e3 Nd5 10.O-O Bf5 11.e4 Nb4 12.Qd1 Bg4 13.Be3 Nd3 14.Ne2 e5 15.dxe5 Bxf3
16.Bxf3 Nxe5 17.Bg2 Nd3 18.Qc2 Na6 19.Rfd1 Qa5 20.Bd4 Bxd4 21.Nxd4 Qc5 22.Nf3 Nab4
23.Qe2 Rad8 24.Rd2 b5 25.Rad1 Qb6 26.b3 a5 27.bxc4 bxc4 28.h4 Qc5 29.Ne1 Qb6
30.h5 Nxe1 31.Qxe1 Kg7 32.Bf1 Rxd2 33.Qxd2 Nd3 34.Bxd3 cxd3 35.h6+ Kg8 36.Qc3 f6
37.Qc4+ Kh8 38.Qxd3 Qc7 39.Qc3 Qe5 40.Qxe5 fxe5 41.Rc1 Rc8 42.Rc5 Kg8 43.Kf1 Kf7
44.Rxa5 Kf6 45.Ra7 g5 46.Rxh7 Kg6 47.Re7 Kxh6 48.Re6+ Kg7 49.Rxe5 c5 50.Rxg5+ Kf6
51.Rf5+ Ke6 52.Ke2 c4 53.Kd2 c3+ 54.Kc2 Rc4 55.f3 Kd6 56.a5 Kc6 57.g4  1-0

[Event "XXVII Open"]
[Site "Metz FRA"]
[Date "2009.04.13"]
[Round "4"]
[White "Epishin,V"]
[Black "Guliyev,N"]
[Result "1/2-1/2"]
[WhiteElo "2591"]
[BlackElo "2534"]

1.d4 d5 2.Nf3 Nf6 3.c4 c6 4.Qb3 dxc4 5.Qxc4 Bf5 6.g3 e6 7.Bg2 Nbd7 8.O-O Be7
9.Bd2 O-O 10.Rd1 Be4 11.a4 c5 12.Nc3 Nb6 13.Qb3 cxd4 14.Nxe4 Nxe4 15.Bb4 Nd5
16.Nxd4 Nxb4 17.Bxe4 Qb6 18.a5 Qa6 19.e3 Rab8 20.Ra4 Nc6 21.Nxc6 bxc6 22.Qc2 g6
23.Rd7 Bf6 24.Qxc6 Qe2 25.Bd3 Qe1+ 26.Kg2 Rxb2 27.Qf3 Bg5 28.Re4 Qxa5 29.Bc4 Qf5
30.h4 Bh6 31.Rxa7 Qxf3+ 32.Kxf3 Rd8 33.Ra2 Rxa2 34.Bxa2 Rd2 35.Ra4 Bf8 36.g4 Rb2
37.Ra8 Kg7 38.Bc4 Bb4 39.Ra7 Be1 40.Be2 h6 41.Ra1 Bb4 42.Rc1 Be7 43.Rh1 Rb4
44.h5 g5 45.Rc1 Bd6 46.Rc6 Be5 47.Bc4 Rb2 48.Ra6 Rb4 49.Bd3 Bb8 50.Rc6 Be5
51.Rc4 Rxc4 52.Bxc4  1/2-1/2

[Event "ch-MGL"]
[Site "Ulan Bator MGL"]
[Date "2009.04.13"]
[Round "6"]
[White "Gundavaa,B"]
[Black "Oyunbaatar,T"]
[Result "1/2-1/2"]
[WhiteElo "2461"]
[BlackElo "2306"]

1.d4 d5 2.c4 c6 3.Nf3 Nf6 4.Qc2 g6 5.Bf4 Bf5 6.Qc1 Bxb1 7.Rxb1 Qa5+ 8.Nd2 dxc4
9.Qxc4 Ne4 10.Rd1 Nd7 11.b4 Qf5 12.e3 Nxd2 13.Rxd2 Qb1+ 14.Rd1 Qb2 15.Rd2 Qb1+
16.Ke2 Nb6 17.Qd3 Qxb4 18.h4 Bg7 19.h5 Nd5 20.g3 Rd8 21.Rc2 e5 22.Bxe5 Bxe5
23.Qe4 Nc3+ 24.Rxc3 Qxc3 25.Qxe5+ Kd7 26.hxg6 Qc4+ 27.Kf3 Qd5+ 28.Qxd5+ cxd5
29.g7 Rhg8 30.Rxh7 Ke7 31.Kf4 Rd6 32.Bd3 Rf6+ 33.Bf5 Ra6 34.Kg5 Rxa2 35.f4 Ra3
36.g4 Rxe3 37.Bb1 Rb3 38.f5 f6+ 39.Kg6 Rxb1 40.Rh8 Rxg7+ 41.Kxg7 Rg1 42.Rh4 a5
43.Kg6 b5 44.Rh7+ Kd6 45.Kxf6 Rxg4 46.Ra7 Rxd4 47.Rxa5 Kc5 48.Ra8 Rd1 49.Rc8+ Kb4
50.Ke5 d4 51.f6 Rf1 52.Rd8 Re1+ 53.Kd5 d3 54.f7 Rf1 55.f8=Q+ Rxf8 56.Rxf8 d2
57.Rf1 Kc3 58.Rf3+ Kc2 59.Rf2 Kd3  1/2-1/2

[Event "11th European Senior Team"]
[Site "Velden AUT"]
[Date "2009.04.13"]
[Round "9"]
[White "Holsteijn,G"]
[Black "Saharinen,P"]
[Result "1-0"]
[WhiteElo "1994"]
[BlackElo "1825"]

1.d4 d5 2.c4 c6 3.Nf3 Nf6 4.g3 Bf5 5.Bg2 e6 6.O-O h6 7.Nc3 Nbd7 8.Re1 Bd6
9.cxd5 cxd5 10.Nb5 Bb4 11.Bd2 Be7 12.Bf4 O-O 13.Bc7 Qc8 14.Rc1 b6 15.Qa4 Qb7
16.Ne5 Nxe5 17.dxe5 Ne8 18.Nd6 Bxd6 19.exd6 e5 20.Bxd5 Qxd5 21.e4 Bxe4 22.Qxe4 Nxc7
23.dxc7 Qxe4 24.Rxe4 f6 25.Rec4 Rac8 26.Kg2 Rf7 27.Kf3 Rd7 28.h4 g6 29.Ke4 Kf7
30.a4 Ke7 31.h5 Kf7 32.g4 gxh5 33.gxh5 Rd2 34.R1c2 Rd6 35.Kf5 Rd4 36.Rxd4 exd4
37.Ke4 d3 38.Kxd3 Ke6 39.Ke4 Ke7 40.Kf5 Kf7 41.f4 Ke7 42.Kg6 Rg8+ 43.Kxh6 Rc8
44.Kg7 f5 45.h6  1-0

[Event "XXVII Open"]
[Site "Metz FRA"]
[Date "2009.04.15"]
[Round "7"]
[White "Grigorov,G"]
[Black "Feher,Ad"]
[Result "1-0"]
[WhiteElo "2488"]
[BlackElo "2251"]

1.d4 d5 2.Nf3 Nf6 3.c4 c6 4.Nbd2 Bf5 5.Nh4 Bg6 6.Qb3 Qb6 7.Qh3 Nbd7 8.Nxg6 fxg6
9.e3 O-O-O 10.c5 Qa5 11.Bd3 Kb8 12.f4 e6 13.a3 Bxc5 14.dxc5 Nxc5 15.Bc2 Qa6
16.b4 Nd3+ 17.Bxd3 Qxd3 18.Qf3 Ne4 19.Qe2 Qc3 20.Rb1 Qc2 21.Bb2 g5 22.Be5+ Ka8
23.Qd1 Qd3 24.Rb3 Qb5 25.Nf3 gxf4 26.exf4 Qc4 27.Rd3 c5 28.bxc5 Nxc5 29.Rc3 Qe4+
30.Kf2 Rc8 31.Re1 Qg6 32.Kg1 Ne4 33.Rc2 Rxc2 34.Qxc2 Qf7 35.Rc1 Qd7 36.Nd4 a6
37.Qc7  1-0

[Event "zt 3.5 Men"]
[Site "Beijing CHN"]
[Date "2009.04.17"]
[Round "1"]
[White "Xu Jun"]
[Black "Yu Yangyi"]
[Result "1-0"]
[WhiteElo "2498"]
[BlackElo "2433"]

1.d4 d5 2.c4 c6 3.Nf3 Nf6 4.Qc2 dxc4 5.Qxc4 Bf5 6.g3 Nbd7 7.Bg2 e6 8.O-O Be7
9.e3 O-O 10.Qe2 h6 11.Rd1 Qa5 12.Nc3 Ne4 13.Bd2 Bb4 14.Nxe4 Bxe4 15.Ne5 Nxe5
16.Bxe4 Bxd2 17.Qxd2 Qxd2 18.Rxd2 Nc4 19.Rc2 Nd6 20.Bd3 Rfd8 21.a4 a5 22.Kf1 Kf8
23.Ke2 Ke7 24.Rb1 Ra7 25.e4 f5 26.exf5 Nxf5 27.Bxf5 exf5 28.Kd3 Ra6 29.Rc5 Kf6
30.b4 axb4 31.Rxb4 Rd7 32.a5 g6 33.h3 Ke6 34.Re5+ Kf6 35.g4 Ra8 36.f4 Rad8
37.Kc3 Rf8 38.gxf5 gxf5 39.d5 cxd5 40.Rb6+ Kg7 41.Kd4 Rc7 42.Rxd5 Rff7 43.Rdd6 Rce7
44.Rg6+ Kf8 45.Rge6 Rd7+ 46.Rbd6 Rc7 47.Rxh6 Rc1 48.Rhf6 Ra1 49.Rxf7+ Kxf7
50.Rd5 Kg6 51.Rb5 Ra4+ 52.Kc5 Rxf4 53.Kb6 Rh4 54.Kxb7 Rxh3 55.a6 Rh7+ 56.Kb6 Kg5
57.a7 Rh8 58.Ka6 Rh6+ 59.Ka5 Rh1 60.Rb4 Rh8  1-0

[Event "16th ch-Asian Cities Dubai Cup"]
[Site "Beirut LIB"]
[Date "2009.04.17"]
[Round "2"]
[White "Sanjay,N"]
[Black "Albonni,A"]
[Result "0-1"]
[WhiteElo "2316"]
[BlackElo "2202"]

1.Nf3 Nf6 2.c4 c6 3.d4 d5 4.Qc2 e6 5.Bg5 Nbd7 6.cxd5 exd5 7.Nc3 Bd6 8.e3 Nf8
9.Ne5 Qe7 10.f4 h6 11.Bh4 g5 12.fxg5 Ng4 13.Nxd5 cxd5 14.Bb5+ Bd7 15.Nxg4 hxg5
16.Bxd7+ Nxd7 17.Bf2 Qe6 18.Ne5 Bxe5 19.dxe5 Qxe5 20.O-O-O Nb6 21.Bg3 Qe6
22.Kb1 Rc8 23.Qd3 O-O 24.h4 g4 25.Be1 Rfe8 26.Bc3 Qxe3 27.Rhf1 Qxd3+ 28.Rxd3 Re2
29.Rf5 Rc4 30.a3 Rxg2 31.Rg5+ Kf8 32.h5 Rh2 33.h6 Ke7 34.Bg7 Re4 35.Rg3 Ke6
36.R5xg4 Nc4 37.Rg2 Re1+ 38.Ka2 Rhh1 39.R4g3 a5 40.a4 b5 41.axb5 f6 42.Rf2 a4
43.Rxf6+ Ke7  0-1

[Event "Sydney International Open"]
[Site "Parramatta AUS"]
[Date "2009.04.17"]
[Round "5"]
[White "Wright,N"]
[Black "Sriram,J"]
[Result "0-1"]
[WhiteElo "2208"]
[BlackElo "2453"]

1.Nf3 d5 2.d4 Nf6 3.c4 c6 4.Qc2 g6 5.Bf4 dxc4 6.Qxc4 Bg7 7.e3 O-O 8.Be2 Be6
9.Qc2 Na6 10.O-O Nb4 11.Qd2 a5 12.Nc3 Bf5 13.Rfd1 Ne4 14.Nxe4 Bxe4 15.Ng5 Bc2
16.Rdc1 e5 17.Bxe5 Bxe5 18.Nf3 Bd6 19.a3 Be4 20.axb4 axb4 21.Rxa8 Qxa8 22.Ng5 Bf5
23.Bc4 Be7 24.e4 Bxg5 25.Qxg5 Bxe4 26.Re1 b5 27.Bb3 Bd5 28.Bxd5 cxd5 29.Qe7 b3
30.h4 Qd8 31.Qe5 Qxh4 32.Qxd5 Rd8 33.Qxb3 Qxd4 34.Qxb5 Rd5 35.Qe8+ Kg7 36.Qe4 Qxe4
37.Rxe4 Rd1+ 38.Kh2 Rd2 39.f3 Rxb2 40.Ra4 h5 41.Kh3 Rb3 42.Ra5 Re3 43.Rb5 Kf6
44.Rb7 g5 45.Rb6+ Kg7 46.Kg3 Ra3 47.Rc6 f6 48.Rb6 Kg6 49.Rc6 h4+ 50.Kh3 Ra1
51.Kh2 Re1 52.Ra6 Kf5 53.Ra5+ Kf4 54.Ra3 f5 55.Ra4+ Ke3 56.Ra3+ Kf4 57.Ra4+ Ke5
58.Ra5+ Kf6 59.Ra6+ Re6 60.Ra4 Rd6 61.Kh3 Ke6 62.Ra5 Rd1 63.Kh2 Rd5 64.Ra4 Ke5
65.Rb4 Rd4 66.Rb8 Kf4 67.Rf8 Rd5 68.Rf7 Rd1 69.Rf8 h3 70.gxh3 Rd2+ 71.Kg1 Kg3
72.Kf1 Rf2+ 73.Kg1 Ra2 74.Kf1 f4 75.Rb8 Ra3 76.Rb2 Rxf3+ 77.Kg1 Kxh3 78.Rg2 Kh4
79.Ra2 Rb3 80.Kg2 g4 81.Ra1 Rb2+ 82.Kg1 f3 83.Kh1 Kg3 84.Kg1 Rg2+ 85.Kf1 Rh2  0-1

[Event "TCh-HUN 2008-9"]
[Site "Budapest HUN"]
[Date "2009.04.18"]
[Round "11"]
[White "Balog,I1"]
[Black "Reiss,T"]
[Result "1/2-1/2"]
[WhiteElo "2423"]
[BlackElo "2403"]

1.d4 d5 2.Nf3 Nf6 3.c4 c6 4.Qb3 dxc4 5.Qxc4 Bf5 6.g3 Nbd7 7.Bg2 e6 8.O-O Be7
9.Rd1 O-O 10.e3 Ne4 11.Qe2 Qb6 12.Nc3 Rfd8 13.Nd2 Nxc3 14.bxc3 Bc2 15.Re1 Bg6
16.e4 e5 17.Nc4 Qc7 18.Bh3 b5 19.Nxe5 Nxe5 20.dxe5 Qxe5 21.Bf4 Qxc3 22.Rac1 Qd3
23.Rxc6 Bb4 24.Bf1 Qd4 25.Rec1 Bxe4 26.Be3 Qd5 27.Ra6 Qf5 28.Rxa7 Rxa7 29.Bxa7 h6
30.Bh3 Qd5 31.Bb6 Ra8 32.Bf1 Bf8 33.Qe3 Ra3 34.Qd4 Rxa2 35.Qxd5 Bxd5 36.Bxb5 Rb2
37.Bc6 Bxc6 38.Rxc6 Be7 39.Bd4 Rd2 40.Be3 Rd6 41.Rxd6  1/2-1/2

[Event "TCh-HUN 2008-9"]
[Site "Budapest HUN"]
[Date "2009.04.18"]
[Round "11"]
[White "Medvegy,N"]
[Black "Kerek,C"]
[Result "0-1"]
[WhiteElo "2355"]
[BlackElo "2293"]

1.d4 d5 2.c4 c6 3.Nf3 Nf6 4.Qb3 dxc4 5.Qxc4 Bf5 6.g3 e6 7.Bg2 Nbd7 8.O-O Be7
9.Nc3 O-O 10.Re1 Ne4 11.Qb3 Qb6 12.Nh4 Qxb3 13.axb3 Bxh4 14.gxh4 Nef6 15.e4 Bg6
16.d5 Nc5 17.Be3 Ncxe4 18.dxc6 bxc6 19.Bxa7 Nd2 20.Be3 Nxb3 21.Rxa8 Rxa8
22.Bxc6 Rb8 23.Rd1 h6 24.Ba4 Na5 25.Bb5 Ne4 26.Bd3 Nxc3 27.bxc3 Bxd3 28.Rxd3 Nc4
29.Bc5 Rc8 30.Bb4 Nb6 31.Kg2 Nd5 32.Kg3 Rc4 33.Ba5 Ra4 34.Bb4 Nxb4 35.cxb4 Rxb4
36.h5 Rb5 37.Rd8+ Kh7 38.Rd7 Rg5+ 39.Kh4 Rf5 40.Rd2 e5 41.h3 Rf3 42.Re2 f6
43.Ra2 Rf4+ 44.Kg3 Rf5 45.Kh4 Rf3 46.Kg4 Rc3 47.Rb2 Rc1 48.Rb8 Rg1+ 49.Kh4 Rg2
50.f3 Rd2 51.Kg4 Rd4+ 52.Kg3 Rd7 53.Rf8 Rd1 54.Re8 Rg1+ 55.Kh4 g5+ 56.hxg6+ Kg7
57.Ra8 Rg5 58.f4 exf4 59.Ra4 Rf5 60.Kg4 Kxg6 61.Kf3 Kg5 62.Ra8 Rb5 63.h4+ Kf5
64.Ra3 h5 65.Rc3 Re5 66.Rc6 Re3+ 67.Kg2 Rg3+ 68.Kh2 Re3 69.Kg2 Re6 70.Rc8 Re5
71.Kf3 Re3+ 72.Kg2 Kg4 73.Rg8+ Kxh4 74.Kf2 Rg3 75.Rf8 Kg5 76.Rg8+ Kf5 77.Rh8 Rh3
78.Kg2 Rb3 79.Rxh5+ Kg4 80.Ra5 f3+ 81.Kg1 Kg3 82.Ra1 Rb2 83.Rc1 Rg2+ 84.Kf1 Rh2  0-1

[Event "11th Open St-Quentin en Yvelines"]
[Site "Elancourt FRA"]
[Date "2009.04.21"]
[Round "5"]
[White "Galazka,P"]
[Black "Criton,R"]
[Result "1/2-1/2"]
[WhiteElo "1896"]
[BlackElo "1991"]

1.d4 d5 2.c4 c6 3.Nf3 dxc4 4.a4 e6 5.e3 Bb4+ 6.Bd2 Bxd2+ 7.Qxd2 b5 8.b3 a5
9.bxc4 b4 10.Qc2 Bb7 11.Nbd2 Nf6 12.c5 Ba6 13.Bxa6 Nxa6 14.Nc4 O-O 15.Nfe5 Nb8
16.Nd6 Ne8 17.Nec4 Nxd6 18.Nxd6 Nd7 19.O-O Nf6 20.e4 Qe7 21.e5 Nd5 22.Rfd1 Qg5
23.Rd3 Qg6 24.Qd2 Qg4 25.Rg3 Qf4 26.Qd3 f5 27.Rf3 Qg4 28.Rg3 Nf4 29.Rxg4 Nxd3
30.Rg3 Nf4 31.Re3 g5 32.g3 Nd5 33.Rd3 Kg7 34.f3 Kg6 35.Kg2 h5 36.h3 h4 37.Rd2 hxg3
38.Kxg3 Rh8 39.Rh2 Rh4 40.Rd2 Rah8 41.Rh1 f4+ 42.Kf2 Nc3 43.Nc4 Ra8 44.Nb6 Ra7
45.Kg2  1/2-1/2